[Event "Challenge"]
[Site "http://www.queenalice.com/game.php?id=1025465"]
[Date "2012.2.3"]
[Round "-"]
[White "Oguh"]
[Black "paul_schulze"]
[Result "1-0"]
[WhiteElo "1818"]
[BlackElo "1672"]

1. e4 c5 2. Bc4 e6 3. Qe2 Nc6 4. Nf3 a6 5. b3 b5 6. Bd3 Nf6 7. h3 e5 8. a4 b4 9.
Bb2 d6 10. Bc4 h6 11. g4 g5 12. d3 Qe7 13. Nbd2 Bg7 14. O-O-O O-O 15. c3 Bb7 16.
cxb4 Nxb4 17. Kb1 Nd7 18. Bc3 Nc6 19. Bd5 Kh7 20. Nc4 Ra7 21. Na5 Rc8 22. h4 Bf6
23. Nxb7 Rxb7 24. Qb2 Rb6 25. a5 Nxa5 26. Bxa5 Rb5 27. Bd2 Kg6 28. Kc2 a5 29.
Ra1 Nb6 30. Rxa5 Rxa5 31. Bxa5 Nxd5 32. exd5 e4 33. Bc3 exf3 34. h5+ Kg7 35. Re1
Qd8 36. Re3 Bxc3 37. Qxc3+ Qf6 38. Qxf6+ Kxf6 39. Rxf3+ Ke7 40. Re3+ Kf6 41. Kc3
Rb8 42. d4 cxd4+ 43. Kxd4 Rb4+ 44. Kc3 Rf4 45. f3 Kg7 46. b4 1-0

[Event "Challenge"]
[Site "http://www.queenalice.com/game.php?id=1025468"]
[Date "2012.2.3"]
[Round "-"]
[White "paul_schulze"]
[Black "Oguh"]
[Result "0-1"]
[WhiteElo "1662"]
[BlackElo "1800"]

1. c4 c5 2. Nc3 g6 3. g3 e5 4. e3 f5 5. b3 Nf6 6. Bb2 Bg7 7. Bg2 e4 8. d3 Qe7 9.
dxe4 Nxe4 10. Bxe4 fxe4 11. Qd5 Nc6 12. Qxe4 Qxe4 13. Nxe4 Bxb2 14. Rd1 b6 15.
Ne2 O-O 16. Rd2 Ba3 17. Rd6 Ne5 18. Nf4 Bb4+ 19. Ke2 Kg7 20. Rhd1 Ba3 21. Ng5
Nf7 22. Nxf7 Rxf7 23. e4 b5 24. R1d5 Re7 25. Kf3 bxc4 26. bxc4 a5 27. Nd3 Ra7
28. Ne5 Bb2 29. Nd3 Bd4 30. Nxc5 Bxc5 31. Rxc5 Bb7 32. Rd4 Ra6 33. Kf4 Rf6+ 34.
Ke3 a4 35. Rc7 Bc6 36. f4 Rfe6 37. e5 g5 38. a3 h5 39. Kd3 h4 40. Ke3 hxg3 41.
hxg3 gxf4+ 42. gxf4 Kg6 43. Rd1 Rh7 44. Rg1+ Kf7 45. Rg5 Rh3+ 46. Kd4 Rh4 47.
Rf5+ Ke7 48. Ra7 Ke8 49. Rc7 Re7 50. Rf6 Rf7 51. Rxf7 Kxf7 52. Ke3 Ke6 53. Rc8
Rh3+ 54. Kd4 Rxa3 0-1

[Event "Challenge"]
[Site "http://www.queenalice.com/game.php?id=1063366"]
[Date "2012.5.24"]
[Round "-"]
[White "jtomasia"]
[Black "paul_schulze"]
[Result "1-0"]
[WhiteElo "2218"]
[BlackElo "1674"]

1. e4 e5 2. Nf3 Nc6 3. Bb5 a6 4. Bxc6 dxc6 5. O-O Bg4 6. h3 h5 7. Re1 Qf6 8. Re3
Bc5 9. Rc3 Bd4 10. Rb3 O-O-O 11. hxg4 hxg4 12. Nxd4 Qh4 13. Kf1 Qh1+ 14. Ke2
Rxd4 15. Qxh1 Rxh1 16. Nc3 Nf6 17. d3 Nh5 18. g3 Rh2 19. Be3 Rd6 20. Rg1 g6 21.
Nb1 f5 22. Nd2 a5 23. Nc4 Re6 24. Nxa5 1-0

[Event "AUTO-INT-2609"]
[Site "http://www.queenalice.com/game.php?id=1172056"]
[Date "2013.4.16"]
[Round "1"]
[White "Severynnas"]
[Black "paul_schulze"]
[Result "0-1"]
[WhiteElo "1338"]
[BlackElo "1597"]

1. d4 Nf6 2. e3 g6 3. c4 Bg7 4. h4 d6 5. Nc3 e6 6. Nb5 a6 7. Nc3 O-O 8. Nf3 c5
9. dxc5 dxc5 10. Qxd8 Rxd8 11. Ne5 Nbd7 12. Nxd7 Bxd7 13. f4 Bc6 14. Bd2 Rd6 15.
O-O-O Ne4 16. Nxe4 Bxe4 17. a4 a5 18. b3 b6 19. h5 Rad8 20. Rh2 f5 21. g3 Bf3
22. Re1 Bxh5 23. Rh4 Bf6 24. e4 Rxd2 25. Rh1 Bf3 26. Rh3 Rd1+ 27. Rxd1 Rxd1+ 28.
Kc2 Rxf1 29. exf5 exf5 30. Rh2 Bd4 31. Rd2 Rf2 32. Kd3 Kf7 33. Rxf2 Bxf2 34. g4
fxg4 35. b4 g3 36. bxc5 bxc5 37. Kc3 g2 38. Kd3 g1=Q 39. f5 gxf5 40. Kc3 Qc1+
41. Kb3 Bd1+ 42. Ka2 Qd2+ 43. Kb1 Bc2+ 44. Kb2 Bd4+ 45. Ka2 Bd1+ 46. Kb1 Qb2#
0-1

[Event "OS INCLIVEIS"]
[Site "http://www.queenalice.com/game.php?id=1187781"]
[Date "2013.6.4"]
[Round "-"]
[White "adelio"]
[Black "paul_schulze"]
[Result "1-0"]
[WhiteElo "1701"]
[BlackElo "1625"]

1. d4 Nf6 2. c4 g6 3. Nc3 Bg7 4. e4 d6 5. Be2 O-O 6. g4 e5 7. d5 Bd7 8. a4 Na6
9. Bg5 c6 10. h4 h6 11. Bxh6 Bxh6 12. g5 Bxg5 13. hxg5 Nh7 14. Qc1 Nxg5 15. Nf3
Bg4 16. Nxg5 Bxe2 17. Kxe2 Qf6 18. Rh7 Qf4 19. Qh1 Qg4+ 20. Nf3 1-0

[Event "Challenge"]
[Site "http://www.queenalice.com/game.php?id=1197647"]
[Date "2013.7.6"]
[Round "-"]
[White "paul_schulze"]
[Black "Ysolde"]
[Result "0-1"]
[WhiteElo "1603"]
[BlackElo "1655"]

1. c4 e5 2. Nc3 Nf6 3. g3 Bb4 4. Nf3 d6 5. Bg2 Nc6 6. Qc2 Bg4 7. O-O e4 8. Nxe4
Qe7 9. Nxf6+ Qxf6 10. Re1 O-O-O 11. a3 Bc5 12. e3 Bxf3 13. Bxf3 Qxf3 14. d4 Nxd4
15. exd4 Bxd4 16. Be3 Bxe3 17. Rxe3 Qf6 18. Qd3 Qxb2 19. Rb1 Qf6 20. Qb3 b6 21.
Qb5 h5 22. Rb4 h4 23. Qa6+ Kb8 24. Ra4 h3 25. Qxa7+ Kc8 26. Qa6+ Kd7 27. Qb5+
Kc8 28. Ra8+ Kb7 29. Qa6+ Kc6 30. Qb5+ Kb7 31. Qa6+ Kc6 32. Qb5+ Kb7 33. Qa6+
Kc6 34. Qa4+ Kb7 35. Ra7+ Kb8 36. f4 Qa1+ 37. Kf2 Qh1 38. Re7 d5 39. Raxc7 Qxh2+
40. Kf3 Qg2+ 41. Kg4 f5+ 42. Kg5 Qxg3+ 43. Kxf5 Rh5+ 44. Ke6 Qg6# 0-1

[Event "AUTO-OPEN-3114"]
[Site "http://www.queenalice.com/game.php?id=1229599"]
[Date "2013.11.3"]
[Round "1"]
[White "paul_schulze"]
[Black "maurice91"]
[Result "0-1"]
[WhiteElo "1579"]
[BlackElo "1770"]

1. c4 e6 2. Nc3 b6 3. e3 Nf6 4. f4 Bb7 5. Nf3 Be7 6. b3 h6 7. Bb2 c5 8. Be2 Nc6
9. d4 cxd4 10. Nxd4 Nxd4 11. Qxd4 d5 12. Bf3 Qd7 0-1

[Event "AUTO-OPEN-3114"]
[Site "http://www.queenalice.com/game.php?id=1229600"]
[Date "2013.11.3"]
[Round "1"]
[White "maurice91"]
[Black "paul_schulze"]
[Result "1-0"]
[WhiteElo "1751"]
[BlackElo "1603"]

1. d4 d5 2. c4 c6 3. Nf3 dxc4 4. a4 Nf6 5. Nc3 Qa5 6. Bd2 Qf5 7. e3 Be6 8. Be2
Nbd7 9. b4 cxb3 10. Rb1 Rb8 11. O-O 1-0